000 00715nam a2200253 a 4500
001 67625
003 BD-RjUL
005 20211209081657.0
008 170328s1989 nyua 001 0 eng
020 _a0471870536
035 _a(BD-RjUL)67834
040 _aDLC
_cDLC
_dBD-RjUL
_beng
041 _aeng
082 0 0 _a540
_223
_bBOC 1989
100 1 _aBodner, George M.
_9200507
245 1 0 _aChemistry, an experimental science /
_cGeorge M. Bodner and Harry L. Pardue.
260 _aNew York :
_bWiley,
_cc1989.
300 _axvii, 1039 p. :
_bill. ;
_c27 cm.
500 _aIncludes index
650 0 _aChemistry.
_9200508
700 1 _aPardue, Harry L.
_9200509
942 _2ddc
_cBK
999 _c67625
_d67625